| 000 | 01434nam a2200337 i 4500 | ||
|---|---|---|---|
| 003 | EG-GICUC | ||
| 005 | 20260428220947.0 | ||
| 008 | 260428m20141415ua ||||fr|||| 00| 0 ara d | ||
| 017 | _a2011/19080 | ||
| 020 | _a977-10-2746-8 | ||
| 040 |
_a EG-GICUC _bara _c EG-GICUC _d EG-GICUC _erda |
||
| 041 | 0 | _aara | |
| 082 | 0 | 4 |
_221 _a345.451 _bس ل . ق |
| 092 | 0 | 4 | _221 |
| 099 | _aLaw1 07 345.451 س ل . ق 2014 | ||
| 100 | 0 |
_aسليمان محمد الطماوى _eمؤلف. |
|
| 245 | 1 | 2 |
_aالقضاء الأدارى. _nالكتاب الثالث، _pقضاء التأديب : _pدراسة مقارنة / _cسليمان محمد الطماوى ؛ د. عبد الناصر عبد الله أبو سمهدانة دكتوراه في القانون ؛ د. . حسين إبراهيم خليل. |
| 264 | 1 |
_aالقاهرة : _bدار الفكر العربي، _c2014. |
|
| 300 |
_aصفحة ؛ 955 _c24 سم. |
||
| 336 |
_2rda content _atext |
||
| 337 |
_2rda media _aComputer |
||
| 338 |
_2rda carrier _aOnline Resource |
||
| 546 | _aالنص باللغة العربية | ||
| 650 | 1 | 4 | _aالسلطات التاديبية |
| 650 | 1 | 4 | _aالقانون الإداري |
| 700 |
_aد. . حسين إبراهيم خليل _eمساهم |
||
| 700 |
_aد. عبد الناصر عبد الله أبو سمهدانة _eمساهم |
||
| 856 | 4 | 0 | _uhttps://fll.law.cu.edu.eg/fulltext/bks/B07-04120.pdf |
| 905 | _a77 | ||
| 942 |
_2ddc _cBK _e21 _n0 |
||
| 999 |
_c74009 _d74009 |
||